000 00282nam a22001217a 4500
020 _a9789382036265
082 _a660.63
_bMUK/BI
100 _aMukherjee, Biswajit
_91083
245 _aBioprocess Engineering
260 _aNew Delhi
_bBlack Prints
_c2013
300 _a251
942 _cBK
999 _c13983
_d13983